| 000 | 00835nam a22002177a 4500 | ||
|---|---|---|---|
| 008 | 130821s2000 enk gr eng | ||
| 020 | _a0312234694 | ||
| 040 |
_aCO-BoUCM _bspa _cAngélica Rojas (modificó) _dNuevo |
||
| 041 | 0 | 0 | _aeng |
| 245 | 0 | 4 |
_aThe new world order contrasting theories _ceditado por Birthe Hansen, Bertel Heurlin |
| 260 |
_aHoundmills (Hampshire, Inglaterra) _bMacmillan Press St. Martin's Press _c2000 |
||
| 300 | _aviii, 254 páginas | ||
| 504 | _aIncluye referencias bibliográficas e índices | ||
| 650 | _aRelaciones internacionales | ||
| 650 | 7 |
_aDemocracia _912617 |
|
| 650 | 7 |
_aOrganización internacional _920857 |
|
| 700 | 1 |
_aHansen, Birthe _eeditor _930063 |
|
| 700 | 1 |
_aHeurlin, Bertel _eeditor _930064 |
|
| 942 |
_cLIBRO _a6 _e1 _mN532 _2DEWEY _h327.101 |
||
| 999 |
_c88864 _d88864 |
||